La participazione nel quadro dell'economia mondiale : alcune esperienze nazionale.
Guardado en:
| Autor Corporativo: | |
|---|---|
| Formato: | Libro |
| Idioma: | Multiple |
| Publicado: |
Roma :
Instituto Italo Latino Americano,
1979.
|
| Materias: | |
| Etiquetas: |
Agregar Etiqueta
Sin Etiquetas, Sea el primero en etiquetar este registro!
|
| LEADER | 00546nam a22001455 4500 | ||
|---|---|---|---|
| 001 | EAD.ead003278 | ||
| 008 | 080718s1979####it############100#0#mul#d | ||
| 005 | 20120918151344.0 | ||
| 245 | 1 | 3 | |a La participazione nel quadro dell'economia mondiale : |b alcune esperienze nazionale. |
| 260 | |a Roma : |b Instituto Italo Latino Americano, |c 1979. | ||
| 300 | |a 392 p. ; |c 24 cm. | ||
| 111 | 2 | |a Simposio Internazionale |n (2a. : |d 1978 : |c Roma) | |
| 082 | 0 | 4 | |a 334.063 |2 21 |
| 650 | 7 | |a Autogestión. |2 isoc | |
| 859 | |a AR-BaBDC |b BIB. ADMINISTRACION GABCOOP - Libros |h 334.063 |i In7-1 |p g00573 | ||
